G107经过的县级行政区 - Statistics

General Stats
  • This quiz has been taken 9 times
  • The average score is 104 of 113
Answers on the Map
Answers color-coded by a green-red scale on the quiz's map according to % correct below.
 
Answer Stats
省级行政区 地级行政区 县级行政区 % Correct
北京市 丰台区
100%
北京市 房山区
100%
河北省 保定市 涿州市
100%
河北省 保定市 高碑店市
100%
河北省 保定市 徐水区
100%
河北省 保定市 莲池区
100%
河北省 保定市 竞秀区
100%
河北省 保定市 满城区
100%
河北省 保定市 望都县
100%
河北省 保定市 唐县
100%
河北省 保定市 定州市
100%
河北省 石家庄市 新乐市
100%
河北省 石家庄市 正定县
100%
河北省 石家庄市 长安区
100%
河北省 石家庄市 桥西区
100%
河北省 石家庄市 裕华区
100%
河北省 石家庄市 鹿泉区
100%
河北省 石家庄市 栾城区
100%
河北省 石家庄市 元氏县
100%
河北省 邢台市 襄都区
100%
河北省 邢台市 沙河市
100%
河北省 邯郸市 磁县
100%
河南省 安阳市 安阳县
100%
河南省 安阳市 殷都区
100%
河南省 安阳市 汤阴县
100%
河南省 鹤壁市 淇县
100%
河南省 新乡市 卫辉市
100%
河南省 郑州市 中牟县
100%
河南省 郑州市 新郑市
100%
河南省 许昌市 长葛市
100%
河南省 许昌市 建安区
100%
河南省 漯河市 源汇区
100%
河南省 驻马店市 遂平县
100%
河南省 驻马店市 驿城区
100%
河南省 驻马店市 确山县
100%
河南省 信阳市 平桥区
100%
河南省 信阳市 罗山县
100%
河南省 信阳市 浉河区
100%
湖北省 随州市 广水市
100%
湖北省 孝感市 孝昌县
100%
湖北省 孝感市 孝南区
100%
湖北省 武汉市 东西湖区
100%
湖北省 武汉市 汉阳区
100%
湖北省 武汉市 武昌区
100%
湖北省 武汉市 洪山区
100%
湖北省 武汉市 江夏区
100%
湖北省 咸宁市 咸安区
100%
湖北省 咸宁市 赤壁市
100%
湖南省 岳阳市 临湘市
100%
湖南省 岳阳市 云溪区
100%
湖南省 岳阳市 岳阳楼区
100%
湖南省 岳阳市 岳阳县
100%
湖南省 岳阳市 汨罗市
100%
湖南省 长沙市 长沙县
100%
湖南省 长沙市 雨花区
100%
湖南省 长沙市 天心区
100%
湖南省 湘潭市 岳塘区
100%
湖南省 湘潭市 湘潭县
100%
湖南省 衡阳市 衡阳县
100%
湖南省 衡阳市 石鼓区
100%
湖南省 衡阳市 蒸湘区
100%
湖南省 衡阳市 珠晖区
100%
湖南省 衡阳市 衡南县
100%
湖南省 衡阳市 耒阳市
100%
湖南省 郴州市 苏仙区
100%
广东省 韶关市 乐昌市
100%
广东省 清远市 连州市
100%
广东省 清远市 阳山县
100%
广东省 清远市 清新区
100%
广东省 清远市 清城区
100%
广东省 广州市 花都区
100%
广东省 广州市 白云区
100%
广东省 广州市 越秀区
100%
广东省 广州市 天河区
100%
广东省 广州市 黄埔区
100%
广东省 广州市 增城区
100%
广东省 东莞市 东莞市
100%
广东省 深圳市 宝安区
100%
广东省 深圳市 南山区
100%
广东省 深圳市 罗湖区
100%
北京市 西城区
80%
河北省 保定市 定兴县
80%
河北省 保定市 顺平县
80%
河北省 石家庄市 高邑县
80%
河北省 邢台市 临城县
80%
河北省 邢台市 柏乡县
80%
河北省 邢台市 南和区
80%
河北省 邯郸市 永年区
80%
河北省 邯郸市 丛台区
80%
河北省 邯郸市 邯山区
80%
河南省 安阳市 北关区
80%
河南省 鹤壁市 淇滨区
80%
河南省 鹤壁市 浚县
80%
河南省 新乡市 原阳县
80%
河南省 漯河市 临颍县
80%
河南省 驻马店市 西平县
80%
湖北省 武汉市 硚口区
80%
湖南省 衡阳市 衡山县
80%
湖南省 衡阳市 南岳区
80%
湖南省 郴州市 北湖区
80%
广东省 深圳市 福田区
80%
河北省 邢台市 隆尧县
60%
河北省 邢台市 内丘县
60%
河北省 邢台市 任泽区
60%
河南省 安阳市 龙安区
60%
河南省 新乡市 延津县
60%
河南省 开封市 尉氏县
60%
河南省 周口市 西华县
60%
河南省 漯河市 郾城区
60%
河南省 漯河市 召陵区
60%
湖南省 郴州市 永兴县
60%
湖南省 郴州市 宜章县
60%
河南省 安阳市 文峰区
40%
No matching quizzes found
Score Distribution
Percent of People with Each Score
Percentile by Number Answered
Your Score History
You have not taken this quiz